| 000 | 00696nam a2200181Ia 4500 | ||
|---|---|---|---|
| 008 | 100921s9999 xx 000 0 und d | ||
| 082 |
_b39960 _a362.6 न 05 |
||
| 100 | _aउगावकर राम. | ||
| 245 | _aसदाबहार वृद्धत्व. | ||
| 260 |
_bवसंत बुक स्टॉल,मुंबई. _c2005 |
||
| 300 |
_a144 _bजयेश एजन्सी,पुणे. |
||
| 365 | _b130 | ||
| 520 | _aस.शा.वृद्ध समस्या. | ||
| 630 | _aसदाबहार वृद्धत्व. | ||
| 650 | _aस.शा.वृद्ध समस्या. | ||
| 730 | _aसदाबहार वृद्धत्व. | ||
| 942 | _cBOOK | ||
| 999 |
_c789073 _d789070 |
||